000 00389nam a22001217a 4500
040 _cHS
082 _a632
100 _aសុក គន្ធី
245 _aRice post-havest enginnering and management : ការគ្រប់គ្រងក្រោយការប្រមូលផលស្រូវ
260 _aRUA
_bសុក គន្ធី
_c2007
300 _aNA
942 _cKB
999 _c10319
_d10319